000 00536nam a2200181 i 4500
001 99121
003 ES-MaACL
005 20250418063151.0
007 t|
008 050902s1962 sp ||||1| spa d
080 _a929 Martín Descalzo, José Luis
100 1 _aMartín Descalzo, José Luis,
_d1930-1991
_977470
245 1 0 _aUn cura se confiesa /
_cJosé Luis Martín Descalzo.
260 _aBarcelona :
_bFlors,
_c1962.
300 _a237 p. ;
_c18 cm.
852 _aES-MaACL
_jC-21793
_bR.50702
999 _c99121
_d99121